SUFISM. (Record no. 348420)

000 -LEADER
fixed length control field 00314 a2200133 4500
082 ## - DEWEY DECIMAL CLASSIFICATION NUMBER
Classification number 297.4
090 ## - LOCALLY ASSIGNED LC-TYPE CALL NUMBER (OCLC); LOCAL CALL NUMBER (RLIN)
-- 6031
-- 6031
100 ## - MAIN ENTRY--PERSONAL NAME
Personal name Stoddart,William.
245 ## - TITLE STATEMENT
Title SUFISM.
Statement of responsibility, etc. William Stoddart.
260 ## - PUBLICATION, DISTRIBUTION, ETC.
Place of publication, distribution, etc. Lahore.
Name of publisher, distributor, etc. Suhail Academy.
Date of publication, distribution, etc. 1999.
300 ## - PHYSICAL DESCRIPTION
Extent 91p.
500 ## - GENERAL NOTE
General note Hardcover.
942 ## - ADDED ENTRY ELEMENTS (KOHA)
Institution code [OBSOLETE] NBS
Koha item type Book
Call number prefix 297.4 STO
Holdings
Withdrawn status Lost status Damaged status Not for loan Permanent Location Current Location Date acquired Total Checkouts Full call number Barcode Date last seen Date last checked out Price effective from Koha item type
        Central Library (CL) Central Library (CL) 08/28/2013 1 297.4 STO NBSD-1551 03/09/2022 12/19/2013 08/28/2013 Book
© 2023 Central Library, National University of Sciences and Technology. All Rights Reserved.